000 00874nam a2200193Ii 4500
003 JO-AjNU
008 230605s9999||||xx |||||||||||||| ||und||
040 _aJO-AjNU
_bara
_erda
_cJO-AjNU
041 _aara
050 1 4 _aHD62.15.J39.2006
100 3 _aجامعة العلوم التطبيقية الخاصة كلية الاقتصاد والعلوم الادارية,
_eauthor
_914341
245 0 0 _aالجودة الشاملة في ظل ادارة المعرفة وتكنولوجيا المعلومات
264 3 1 _aعمان:دار الحامد للنشر والتوزيع،2006
300 _a182ص
_bالمؤتمر العلمي الثاني 26/27 نيسان 2006
336 _atext
_btxt
_2rdacontent
337 _aunmediated
_bn
_2rdamedia
338 _avolume
_bnc
_2rdacarrier
650 4 _aضبط الجودة-مؤتمرات-ادارة الجودة-مؤتمرات
_914342
999 _aA3801
_c7369
_d7369